Aktuálne otázky venerológie

Bibliographic Details
Main Author: Čontofalská, Želmíra (Author)
Format: Article
Language:Slovak
ISSN:1335-0234
Subjects:

MARC

LEADER 00000nab a2200000 a 4500
001 vtls001564054
003 SK-MaSNL
005 20260304134333.0
008 250505c2004 xo 0 slo
015 |a SNBCL2005/2 
035 |a SLK030249 
035 |a urn:nbn:sk:snk-abv1u 
035 |a (urnnbn)urn:nbn:sk:snk:ar-a056zd 
035 |a (uuid)e772c4ff-aa43-4d50-a3a5-300ab2cbbb89 
040 |a SNKBUCL  |b slo  |c SNKBUCL  |e AACR2 
041 0 |a slo 
044 |a xo  |c SK 
080 |a 616.97:061.3  |2 1981 
100 1 |a Čontofalská, Želmíra  |4 aut  |9 866823 
245 1 0 |a Aktuálne otázky venerológie  |c Ž. Čontofalská 
650 0 7 |a venerológia  |2 snkbucl  |9 2565 
650 0 7 |a sexuálne prenosné choroby  |2 snkbucl  |9 87601 
650 0 7 |a abstrakty  |2 snkbucl  |9 90504 
773 0 |t Slovenský lekár  |g Roč. 14 (28), č. 11-12 (2004), s. 363  |x 1335-0234 
850 |a Slovenská národná knižnica 
852 |a Slovenská národná knižnica 
954 |a odborná, vedecká literatúra pôvodná (slovenská)  |2 lita 
958 |a article27 
958 |a OND 
958 |a EUIPO 
999 |c 2906384  |d 2908314